000 00677nam a22001577a 4500
020 _a0-88139-302-9
082 _a200
_bHUA/W
100 _aHUA, HSUAN
245 _aWORDS OF WISDOM
_bBEGINNING BUDDHISM
250 _aFIRST EDITION
260 _aTAIWAN
_bBUDDIST TEXT TRANSLATION SOCIETY
_c2003
300 _a194
520 _aThis compilation of instructional talks by Tripitaka Master Hsuan Hua introduces basic Buddhist concepts and provides advice and encouragement for spiritual practice. It serves a valuable guide for those embarking on the Path to awakening. - What are we living for? - How can we determine our own destiny?
650 _aRELIGIOUS
_zTAIWAN
942 _cBK
999 _c5109
_d5109